Marketingová stratégia časopisu FORBES na vybraný cieľový segment diplomová práca

Enregistré dans:
Détails bibliographiques
Auteur principal: Šimková, Zuzana
Collectivité auteur: Obchodná fakulta EU. Katedra marketingu
Autres auteurs: Filo, Peter
Format: Livre
Langue:slovaque
Publié: Bratislava 2014
Tags: Ajouter un tag
Pas de tags, Soyez le premier à ajouter un tag!

MARC

LEADER 00000nbm a2200000 4500
001 0193721
005 20161212103145.4
041 0 |a slo 
044 |a SK 
245 1 0 |a Marketingová stratégia časopisu FORBES na vybraný cieľový segment  |b diplomová práca  |c Zuzana Šimková ; školiteľ: Peter Filo 
264 1 |a Bratislava  |c 2014 
300 |a 69 s. 
100 1 |a Šimková, Zuzana 
700 1 |a Filo, Peter 
710 2 |a Obchodná fakulta EU. Katedra marketingu